<?xml version="1.0" encoding="UTF-8"?><?xml-stylesheet type="text/xsl" href="static/style.xsl"?><OAI-PMH xmlns="http://www.openarchives.org/OAI/2.0/" xmlns:xsi="http://www.w3.org/2001/XMLSchema-instance" xsi:schemaLocation="http://www.openarchives.org/OAI/2.0/ http://www.openarchives.org/OAI/2.0/OAI-PMH.xsd"><responseDate>2026-04-17T02:28:00Z</responseDate><request verb="GetRecord" identifier="oai:www.recercat.cat:10459.1/64134" metadataPrefix="marc">https://recercat.cat/oai/request</request><GetRecord><record><header><identifier>oai:recercat.cat:10459.1/64134</identifier><datestamp>2024-12-05T21:46:27Z</datestamp><setSpec>com_2072_3622</setSpec><setSpec>col_2072_479130</setSpec></header><metadata><record xmlns="http://www.loc.gov/MARC21/slim" xmlns:dcterms="http://purl.org/dc/terms/" xmlns:xsi="http://www.w3.org/2001/XMLSchema-instance" xmlns:doc="http://www.lyncode.com/xoai" xsi:schemaLocation="http://www.loc.gov/MARC21/slim http://www.loc.gov/standards/marcxml/schema/MARC21slim.xsd">
   <leader>00925njm 22002777a 4500</leader>
   <datafield ind2=" " ind1=" " tag="042">
      <subfield code="a">dc</subfield>
   </datafield>
   <datafield ind2=" " ind1=" " tag="720">
      <subfield code="a">Blanco Alibés, Olga</subfield>
      <subfield code="e">author</subfield>
   </datafield>
   <datafield ind2=" " ind1=" " tag="260">
      <subfield code="c">2014-07-30T07:46:08Z</subfield>
   </datafield>
   <datafield ind2=" " ind1=" " tag="260">
      <subfield code="c">2014-12-31T06:45:07Z</subfield>
   </datafield>
   <datafield ind2=" " ind1=" " tag="260">
      <subfield code="c">2014-06-30</subfield>
   </datafield>
   <datafield ind2=" " ind1=" " tag="520">
      <subfield code="a">El conreu de l'arròs sota reg per aspersió és una tècnica agronòmica totalment desconeguda a la&#xd;
Vall Mitja de l'Ebre. Aquesta nova tècnica es presenta com una alternativa de gran interès que pot&#xd;
millorar l’eficiència de l'ús de l'aigua en evitar les pèrdues d'aigua de reg que es produeixen en el&#xd;
sistema tradicional del cultiu, i permetria a la vegada la introducció d'aquest conreu en les&#xd;
rotacions de les finques d'aspersió de la Vall Mitja de l'Ebre. L'objectiu general d'aquesta tesi és&#xd;
estudiar la viabilitat del cultiu de l'arròs sota reg per aspersió en les condicions climatològiques&#xd;
de la Vall Mitja de l'Ebre. Per aconseguir-lo s'han realitzat, entre els anys 2001 i 2004, diferents&#xd;
assajos agronòmics que abasten 1) la determinació de les varietats més adaptades, 2) la resposta&#xd;
productiva a diferents dosis d'aigua, 3) la resposta productiva a la fertilització i 4) el control de&#xd;
males herbes.&#xd;
Els resultats obtinguts en aquesta tesi proporcionen les bases tècniques per al cultiu de l'arròs&#xd;
sota reg per aspersió. És una tècnica de producció viable i prometedora sempre que es triï una&#xd;
varietat adequada a les condicions climatològiques i s'aconsegueixi mantenir un control de les&#xd;
males herbes que eviti la seva competència amb les plantes d'arròs, especialment en la fase&#xd;
d'emergència i establiment del cultiu.</subfield>
   </datafield>
   <datafield ind2=" " ind1=" " tag="520">
      <subfield code="a">El cultivo del arroz bajo riego por aspersión es una técnica agronómica totalmente desconocida&#xd;
en el Valle Medio del Ebro. Esta nueva técnica se presenta como una alternativa de gran interés&#xd;
que puede mejorar la eficiencia del uso del agua al evitar las pérdidas de agua de riego que se&#xd;
producen en el sistema tradicional del cultivo y permitiría a su vez su introducción en las&#xd;
rotaciones de las fincas de aspersión del Valle Medio del Ebro. El objetivo general de esta tesis es&#xd;
estudiar la viabilidad del cultivo del arroz bajo riego por aspersión en las condiciones&#xd;
climatológicas del Valle Medio del Ebro. Para ello se han realizado durante los años 2001 a 2004&#xd;
distintos ensayos agronómicos que abarcan 1) la determinación de las variedades más adaptadas,&#xd;
2) la respuesta productiva a distintas dosis de agua, 3) la respuesta productiva a la fertilización y&#xd;
4) el control de malas hierbas.&#xd;
Los resultados obtenidos en esta tesis proporcionan las bases técnicas para el cultivo del arroz&#xd;
bajo riego por aspersión. Es una técnica de producción viable y prometedora siempre que se elija&#xd;
una variedad adecuada a las condiciones climatológicas y se consiga mantener un control de las&#xd;
malas hierbas que evite su competencia con las plantas de arroz, especialmente en la fase de&#xd;
emergencia y establecimiento del cultivo.</subfield>
   </datafield>
   <datafield ind2=" " ind1=" " tag="520">
      <subfield code="a">Rice cultivation using sprinkler irrigation is an agricultural technique that had never before&#xd;
been investigated in the context of the Middle Ebro Valley. This new technique is presented as an&#xd;
alternative of great interest that can improve the efficiency of water use to prevent loss of&#xd;
irrigation water that occurs in the traditional system of rice cultivation and in turn to allow its&#xd;
introduction in the crop rotations of the Middle Ebro Valley. The overall objective of this thesis is&#xd;
to study the feasibility of rice cultivation under sprinkler irrigation under the weather conditions&#xd;
in the Middle Ebro Valley. To achieve this goal several agronomic trials were performed from&#xd;
2001 to 2004 including: 1) the identification of adapted cultivars, 2) the productive response to&#xd;
different doses of irrigation water, 3) the production response to fertilization and 4) the control of&#xd;
weeds.&#xd;
The results in this thesis provide the technical basis for the cultivation of rice under sprinkler&#xd;
irrigation. It is a promising and feasible production technique when choosing an appropriate&#xd;
cultivar adapted to the local weather conditions and a good weed control to avoid competition&#xd;
with rice plants, especially in the emergence phase and crop establishment.</subfield>
   </datafield>
   <datafield ind1="8" ind2=" " tag="024">
      <subfield code="a">http://hdl.handle.net/10459.1/64134</subfield>
   </datafield>
   <datafield tag="653" ind2=" " ind1=" ">
      <subfield code="a">Arros</subfield>
   </datafield>
   <datafield tag="653" ind2=" " ind1=" ">
      <subfield code="a">Reg</subfield>
   </datafield>
   <datafield tag="653" ind2=" " ind1=" ">
      <subfield code="a">Aspersió</subfield>
   </datafield>
   <datafield tag="653" ind2=" " ind1=" ">
      <subfield code="a">Arroz</subfield>
   </datafield>
   <datafield tag="653" ind2=" " ind1=" ">
      <subfield code="a">Riego</subfield>
   </datafield>
   <datafield tag="653" ind2=" " ind1=" ">
      <subfield code="a">Aspersión</subfield>
   </datafield>
   <datafield tag="653" ind2=" " ind1=" ">
      <subfield code="a">Rice</subfield>
   </datafield>
   <datafield tag="653" ind2=" " ind1=" ">
      <subfield code="a">Sprinkler</subfield>
   </datafield>
   <datafield tag="653" ind2=" " ind1=" ">
      <subfield code="a">Irrigation</subfield>
   </datafield>
   <datafield tag="653" ind2=" " ind1=" ">
      <subfield code="a">Enginyeria Agroforestal</subfield>
   </datafield>
   <datafield tag="653" ind2=" " ind1=" ">
      <subfield code="a">631</subfield>
   </datafield>
   <datafield ind2="0" ind1="0" tag="245">
      <subfield code="a">Agronomía del cultivo del arroz en riego por aspersión: variedades, riego, fertilización y control de malas hierbas</subfield>
   </datafield>
</record></metadata></record></GetRecord></OAI-PMH>